000
00250nam a2200109Ia 4500
005
20251222152655.0
008
251222s9999||||xx |||||||||||||| ||spa||
082
_a
227/K41
100
_a
Kensinger, Kenneth M.
245
0
_a
Los Cashinahua
942
_c
LIB
999
_c
28614
_d
28614